000 00743nam a2200241Ia 4500
003 OSt
005 20221006154148.0
006 a|||||r|||| 00| 0
007 ta
008 221006b |||||||| |||| 00| 0 eng d
020 _a9780801437489
_c¥6525
024 _a34,570
037 _bGift, Shinnyo-en, Tokyo, Japan
_cTextual
040 _aEASL
_cEASL
_beng
041 _2eng
_aeng
082 _a40aWv42.N, P0
100 _aKrauss Ellis S
_9646925
245 0 _aBroadcasting politics in Japan
_b NHK and television news
260 _aIthaca
_bCornell University Press UK
_c2000
300 _a278p.
_ccm.
942 _h40aWv42.N, P0
_cTEXL
_2CC
999 _c1102656
_d1102656